| 000 | 00434nam a2200181Ia 4500 | ||
|---|---|---|---|
| 003 | OSt | ||
| 005 | 20221007163213.0 | ||
| 008 | 210210b1913 xxu||||| |||| 00| 0 eng d | ||
| 040 | _cAL | ||
| 041 | _aeng | ||
| 082 | _a444/231 | ||
| 100 |
_aHEIN (G) _959119 |
||
| 245 | _aFrench conversation and composition | ||
| 260 |
_aLondon _bGeorge G Harrap & Co Ltd. _c1913 |
||
| 690 |
_aFrench _959120 |
||
| 906 | _a006426 | ||
| 942 |
_2ddc _cBK |
||
| 999 |
_c129381 _d129381 |
||